000 01423 a2200253 4500
003 OSt
005 20180116182723.0
008 160427b xxu||||| |||| 00| 0 eng d
020 _a0761949348
020 _a9780761949343
040 _c0
082 0 4 _a001.4
100 _aSilverman, Professor David.
245 0 0 _aQualitative research :
_btheory, method and practice.
250 _a2nd ed.
260 _a[S.l.] :
_bSage Publications Ltd,
_c2004.
300 _a390 p. ;
_c25 cm.
500 _aPaperback.
520 _aBuilding on the global success of the First Edition of Qualitative Research: Theory, Method and Practice , the new edition has been thoroughly updated and revised. It succeeds in providing a comprehensive yet accessible guide to a variety of methodological approaches to qualitative research. Edited by David Silverman, the book brings together a team of internationally-renowned researchers to discuss the theory and practice of qualitative research. In each chapter, the contributors broaden our conception of qualitative research by drawing upon particular examples of data-analysis to advance their analytical arguments.
700 1 _aSilverman, Professor David.
856 4 0 _3Amazon.com
_uhttp://www.amazon.com/exec/obidos/ASIN/0761949348/chopaconline-20
856 4 0 _3Amazon customer reviews
_uhttp://www.chopac.org/cgi-bin/tools/azrev.pl?q=0761949348
942 _aNBS
_cBK
_k001.4 SIL
_2ddc
999 _c344772
_d344772